[Event "Delft Prinsenstad op-C"]
[Site "Delft"]
[Date "2008.01.04"]
[Round "1"]
[White "Tjien A Lien, Ike"]
[Black "Peters, Paul"]
[Result "1/2-1/2"]
[WhiteElo "1677"]
[BlackElo "1540"]
[PlyCount "34"]
[EventDate "2008.01.04"]
[EventType "swiss"]
[EventRounds "6"]
[EventCountry "NED"]
[SourceTitle "EXT 2010"]
[Source "ChessBase"]
[SourceDate "2010.11.25"]
[SourceVersion "1"]
[SourceVersionDate "2010.11.25"]
[SourceQuality "1"]

1. e4 e5 2. Nf3 Nc6 3. Be2 Nf6 4. d3 Bc5 5. h3 d6 6. Nbd2 Bd7 7. c3 a5 8. Qc2 Qe7 9. Nf1 d5 10. Bg5 d4 11. a3 b5 12. Ng3 h6 13. Bc1 Nh7 14. 0-0 0-0 15. Bd2 dxc3 16. Bxc3 b4 17. axb4 axb4 1/2-1/2